|
|
|
|
| LEADER |
00000nab a2200000 a 4500 |
| 001 |
vtls008416862 |
| 003 |
SK-MaSNL |
| 005 |
20260304143627.0 |
| 008 |
250505c2005 xo mr|p|||||||000 b|slo |
| 015 |
|
|
|a SNBRB2005/12
|2 snkbucl
|
| 035 |
|
|
|a (uuid)e2aacea3-0715-4876-b587-35ec3d4317c9
|
| 035 |
|
|
|a urn:nbn:sk:snk-abbzeq
|
| 035 |
|
|
|a (urnnbn)urn:nbn:sk:snk:ar-004hbl
|
| 038 |
|
|
|a SNKBUCL
|
| 040 |
|
|
|a SNKBUCL
|b slo
|c SNKBUCL
|e AACR2
|
| 041 |
0 |
|
|a slo
|
| 044 |
|
|
|a xo
|c SK
|
| 080 |
|
|
|a 82:929:821.511.111
|2 1997
|
| 080 |
|
|
|a 821.511.111:929
|2 1997
|
| 080 |
|
|
|a 929 Ahti, Risto
|2 1997
|
| 100 |
1 |
|
|a Drábeková, Zuzana,
|d 1958-
|4 aut
|9 105789
|
| 245 |
1 |
0 |
|a Risto Ahti (1943), básnik, prekladateľ, kritik ...
|c Zuzana Drábeková
|
| 600 |
1 |
7 |
|a Ahti, Risto,
|d 1943-
|2 snkbucl
|9 239601
|
| 773 |
0 |
|
|t Revue svetovej literatúry
|g Roč. XXXXI, č. 3 (2005), s. 17-18
|
| 850 |
|
|
|a Slovenská národná knižnica
|
| 852 |
|
|
|a Slovenská národná knižnica
|
| 958 |
|
|
|a article15
|
| 958 |
|
|
|a OND
|
| 958 |
|
|
|a LX
|
| 958 |
|
|
|a FI
|
| 958 |
|
|
|a BC
|
| 958 |
|
|
|a EUIPO
|
| 999 |
|
|
|c 2926613
|d 2928543
|